00571nam a2200157Ia 4500008004100000041000800041082001800049100001400067245009300081260002600174300000800200365001500208700001400223999001900237952015700256230719s9999 xx 000 0 und d aeng a005.2682bDUN aDuncan R. aAdvanced MS DOS ProgrammingbThe Microsoft Guide For Assembly Language And C Programmers c1986bMicrosoft Press a468 cRs.b90.00 aDuncan R. c353928d353928 00104070aCCEPbCCEPcDonated Bookd2012-02-06eMasurkar Enterprisesg90.00o005.2682pCCEP-DB-133r2023-07-19 00:00:00v90.00w2023-07-19yBKzD00133